000 00843nam a2200241 a 4500
001 000002977
003 DO-SdBNP
005 20250909100720.0
008 090706s2006 dr a r 000 0 spa d
020 _a9945433008
040 _aDO-SdBNP
_bspa
_cBNPHU
049 _aBNPD
082 _a338.6048
_bV228c
100 1 _aVan der Horst Álvarez, Andrés
_99451
245 1 0 _aCompetitividad, desafío global para el reto local :
_bcaso dominicano /
_cAndrés Van der Horst Álvarez ; prólogo, René Villarreal.
260 _aSanto Domingo :
_bCorripio,
_c2006.
300 _a161 p. :
_bil. ;
_c24 cm.
500 _aIncluye índice.
650 7 _a Competencia económica
_zRepública Dominicana
_98351
651 4 _aRepública Dominicana
_xCondiciones económicas
_y1961-
_97344
700 1 _aVillarreal, René,
_dpról.
_99453
942 _2ddc
_cLBS1
999 _c2809
_d2809